Các chuyên đề hóa học 10 - 11 - 12

में बचाया:
ग्रंथसूची विवरण
मुख्य लेखक: Nguyễn, Trọng Thọ
स्वरूप: पुस्तक
भाषा:Undetermined
प्रकाशित: Hà Nội Gíao dục 2005
विषय:
टैग : टैग जोड़ें
कोई टैग नहीं, इस रिकॉर्ड को टैग करने वाले पहले व्यक्ति बनें!
Thư viện lưu trữ: Trung tâm Học liệu Trường Đại học Cần Thơ
LEADER 00578nam a2200181Ia 4500
001 CTU_102213
008 210402s9999 xx 000 0 und d
082 |a 541.39 
082 |b Th400 
100 |a Nguyễn, Trọng Thọ 
245 0 |a Các chuyên đề hóa học 10 - 11 - 12 
245 0 |c Nguyễn Trọng Thọ, Ngô Ngọc An 
260 |a Hà Nội 
260 |b Gíao dục 
260 |c 2005 
650 |a Chemical reactions,Chemistry, physical and theoretical,Electrolysis 
904 |i Truc 
980 |a Trung tâm Học liệu Trường Đại học Cần Thơ